LIBRARY & INFORMATION CENTRE, KCAET, TAVANUR

ONLINE PUBLIC ACCESS CATALOGUE (OPAC)

Design of reinforced concrete structures / (Record no. 5454)

MARC details
000 -LEADER
fixed length control field 00462cam a2200181ua 4500
003 - CONTROL NUMBER IDENTIFIER
control field OSt
008 - FIXED-LENGTH DATA ELEMENTS--GENERAL INFORMATION
fixed length control field 250707b |||||||| |||| 00| 0 eng d
020 ## - INTERNATIONAL STANDARD BOOK NUMBER
ISBN 81-204-0152-2
041 ## - LANGUAGE CODE
Language code of text/sound track or separate title eng
082 ## - DEWEY DECIMAL CLASSIFICATION NUMBER
Classification number 624.18341
Item number DAY/DE
100 ## - MAIN ENTRY--AUTHOR NAME
Personal name Dayaratnam, P .
245 ## - TITLE STATEMENT
Title Design of reinforced concrete structures /
250 ## - EDITION STATEMENT
Edition statement 3 /
260 ## - PUBLICATION, DISTRIBUTION, ETC. (IMPRINT)
Place of publication New Delhi :
Name of publisher Oxford & IBH Publishing company ,
Year of publication 1993.
300 ## - PHYSICAL DESCRIPTION
Number of Pages 951 ; .
500 ## - GENERAL NOTE
General note *CSS
942 ## - ADDED ENTRY ELEMENTS (KOHA)
Koha item type Books
Holdings
Withdrawn status Lost status Damaged status Home library Current library Date acquired Full call number Accession Number Koha item type Shelving location
      KAUAET KAUAET 07/04/2012 624.18341 DAY/DE 18694 Books  
      KAUAET KAUAET 11/09/2018 624.18341 DAY/DE 18484 Books Scheme
      KAUAET KAUAET 11/09/2018 624.18341 DAY/DE 18475 Books Scheme
free website counter